Tradingem k bohatství psychologie
Uložené v:
| Hlavný autor: | |
|---|---|
| Médium: | Kniha |
| Jazyk: | Czech |
| Vydavateľské údaje: |
Tetčice
Impossible
2006
|
| Edícia: | Knihovna úspěšného obchodníka
|
| Predmet: | |
| Tagy: |
Žiadne tagy, Buďte prvý, kto otaguje tento záznam!
|
MARC
| LEADER | 00000nam$a2200000$$$4500 | ||
|---|---|---|---|
| 001 | 0053633 | ||
| 005 | 20240313090523.8 | ||
| 020 | |a 80-239-7048-8 | ||
| 041 | 0 | |a cze | |
| 044 | |a CZ | ||
| 245 | 1 | 0 | |a Tradingem k bohatství |b psychologie |c Alexander Elder |
| 264 | 1 | |a Tetčice |b Impossible |c 2006 | |
| 300 | |a 305 s. | ||
| 490 | 1 | |a Knihovna úspěšného obchodníka | |
| 830 | 0 | |a Knihovna úspěšného obchodníka | |
| 610 | 2 | 0 | |a burzy |
| 610 | 2 | 0 | |a burzovníctvo |
| 610 | 2 | 0 | |a obchody burzové |
| 610 | 2 | 0 | |a trh burzový |
| 610 | 2 | 0 | |a analýzy |
| 610 | 2 | 0 | |a psychológia |
| 610 | 2 | 0 | |a stratégia obchodná |
| 610 | 2 | 0 | |a rozhodovanie |
| 610 | 2 | 0 | |a grafy |
| 610 | 2 | 0 | |a analýza technická |
| 610 | 2 | 0 | |a akcie |
| 610 | 2 | 0 | |a riadenie rizík |
| 610 | 2 | 0 | |a peniaze |
| 100 | 1 | |a Elder, Alexander | |